Normal view
MARC view
- الادارة-مخاطر
Entry Topical Term
001 - CONTROL NUMBER
- control field: 32708
003 - CONTROL NUMBER IDENTIFIER
- control field: JO-AjAnu
005 - DATE AND TIME OF LATEST TRANSACTION
- control field: 20230606075508.0
008 - FIXED-LENGTH DATA ELEMENTS
- fixed length control field: 230606|| aca||aabn | a|a d
040 ## - CATALOGING SOURCE
- Original cataloging agency: JO-AjAnu
- Transcribing agency: JO-AjAnu
150 ## - HEADING--TOPICAL TERM
- Topical term or geographic name entry element: الادارة-مخاطر
670 ## - SOURCE DATA FOUND
- Source citation: Work cat.: (JO-AjAnu)16804: حماد،طارق عبدالعال, author 32707, إدارة المخاطر :أفراد-ادارات-شركات-بنوك:مخاطر الائتمان والاستثمار والمشتقات واسعار الصرف